Why don't you convert? : (Record no. 93964)

MARC details
000 -LEADER
fixed length control field 00522nam a22001817a 4500
005 - DATE AND TIME OF LATEST TRANSACTION
control field 20150717114918.0
010 ## - LCCN (DPL NO)
LC control number ENG-113249
020 ## - INTERNATIONAL STANDARD BOOK NUMBER
Terms of availability 245.00
International Standard Book Number 9789382711643
035 ## - SYSTEM CONTROL NUMBER
System control number EN-96781
037 ## - SOURCE OF ACQUISITION
Source of stock number/acquisition DBAD/PUB
082 ## - DEWEY DECIMAL CLASSIFICATION NUMBER
Classification number S
100 ## - MAIN ENTRY--PERSONAL NAME
Personal name Chowdhury, K. L.
245 ## - TITLE STATEMENT
Title Why don't you convert? :
Statement of responsibility, etc by K. L. Chowdhury
Remainder of title and other short stories /
260 ## - PUBLICATION, DISTRIBUTION, ETC. (IMPRINT)
Place of publication, distribution, etc New Delhi
Name of publisher, distributor, etc Vitasta Publishing
Date of publication, distribution, etc 2015
270 ## - ADDRESS
Address 2/15, Ansari Road, Daryaganj
City New Delhi
Postal code 110002
300 ## - PHYSICAL DESCRIPTION
Extent 263p.
Dimensions 21cm(pbk)
942 ## - ADDED ENTRY ELEMENTS (KOHA)
Source of classification or shelving scheme Dewey Decimal Classification
Item type English Books
Call number suffix CHO
Classification part N
Holdings
Withdrawn status Lost status Not for loan Collection code Home library Current library Date acquired Source of acquisition Cost, normal purchase price Full call number Barcode Copy number Cost, replacement price Koha item type
    Not For Loan Fiction D.B.Act.Division D.B.Act.Division 27/05/2015 DBAD/PUB 245.00 S CHO EN-96781 1 245.00 English Books

© Delhi Public Library
Hit Counter
free hit counter